00463cam a2200181ua 4500001000500000005001700005008003900022020001800061040000900079041000800088082000800096100002700104245006300131250000900194260003300203300001400236653003100250835420260515114326.0150128n ii |||gr||||Z||||||eng a9781405131742 cMAIN aeng a811 aMacgowan, C.,eAuthor.1 aTwentieth-century American poetrycBy Christopher Macgowan a1st. aNew Delhi:bAtlantic,c2004. axvi,332p. aAmerican poetry in English